| 000 | 00375nam a2200133Ia 4500 | ||
|---|---|---|---|
| 005 | 20260326235506.0 | ||
| 008 | 260326s9999||||xx |||||||||||||| ||und|| | ||
| 100 | _aKron, Joan | ||
| 245 | 0 |
_aHigh-tech : _b The Industrial Style and Source Book for the Home / _cJoan Kron |
|
| 260 | _bClarkson Potter Publishers | ||
| 300 | _a286 p. | ||
| 650 | _aDISEÑO INDUSTRIAL | ||
| 942 | _cBK | ||
| 999 |
_c8195 _d8195 |
||